| 000 | 00384nam a2200109Ia 4500 | ||
|---|---|---|---|
| 008 | 171211s9999 xx 000 0 und d | ||
| 245 | _aMastering Fantasy Art – Drawing Dynamic Characters: Create great people, poses and creatures using photo references | ||
| 245 | _cJohn Stanko | ||
| 260 | _c2014 | ||
| 650 | _xDrawing | ||
| 856 | _uhttp://down.ebook777.com/002/978-1440329586%20.pdf | ||
| 999 |
_c348044 _d348044 |
||